000 00324cam a22001217a 4500
008 180718b1977 xxu||||| |||| 00| 0 eng d
082 _aI52 K527
100 _aKhare, Anand
245 _aPolicy decisions and planning
_cby Anand Khare
260 _aBangalore
_bBablu Books
_c1977
300 _a128p.
650 _aDecision making
999 _c348056
_d348056